LIFE - Statistics

General Stats
  • This quiz has been taken 4 times
  • The average score is 12 of 24
Answer Stats
Hint Answer % Correct
The best movie Finding meme-o
100%
shnerfakepsa I speak french
100%
What about...? Anal
67%
Nah its... Belmont
67%
Not an anchovy Charlotte
67%
Myles is very shit at it FIFA
67%
I may speak it but im not sure FREEEEEENNNNNNCCCCCHHHHH
67%
Mi casa Joel's house
67%
Myles' terminal disease Kwansa
67%
HAHAHAHAHAHAHAHAHA Life
67%
Gareth... Mail
67%
The best looking guy (2) Matt Smith
67%
The happiest person in the world Not Noah
67%
The best looking guy (1) Zac Efron
67%
How do you save the ophans? 3 mandarins
33%
What did Noah once kill? A snake
33%
The best looking guy (3) Dominic Iorfa
33%
DUH DUH DUH DUHHHHH DUH DUH DUH DUHHH John Cena
33%
NOOOOOOOOOOOOO John Mendez
33%
The best at rocket league Noah Belmont Butler-Roberts
33%
Skins Squad
33%
ermmm....i forgot this hint Alzheimer's
0%
The original meme Mangoes
0%
Take my hand Take a breath pull me close and take one step keep your eyes locked on mine and let the music be your guide
0%
No matching quizzes found
Score Distribution
Percent of People with Each Score
Percentile by Number Answered
Your Score History
You have not taken this quiz